| 000 | 00376 a2200145 4500 | ||
|---|---|---|---|
| 999 |
_c12462 _d12462 |
||
| 003 | OSt | ||
| 005 | 20240117094138.0 | ||
| 008 | 240117b ||||| |||| 00| 0 eng d | ||
| 020 | _a9783034607612 | ||
| 082 |
_a712 _bZIM |
||
| 100 |
_aZimmermann, Astrid, _d1967- |
||
| 245 | _aPlanning landscape : dimensions, elements, typologies | ||
| 260 |
_bBirkhauser _c2015 |
||
| 942 | _2ddc | ||